| 000 | 00000nam 2200000za 4500 |
| 001 | 9.849712 |
| 003 | CaOODSP |
| 005 | 20221107154001 |
| 007 | cr ||||||||||| |
| 008 | 180108s2000 onc |o f000 0 eng d |
| 020 | |z0-662-64838-2 |
| 040 | |aCaOODSP|beng |
| 043 | |an-cn--- |
| 086 | 1 |aR32-209/2000E-PDF|zR32-209/2000 |
| 245 | 00|aFive-year general review of the SAHTU Implementation Plan |h[electronic resource] : |bJune 23, 1994 - June 22, 1999. |
| 260 | |aOttawa : |bMinister of Indian Affairs and Northern Development, |c2000. |
| 300 | |a15 p. |
| 500 | |aIssued also in French under title: Examen général quinquennal du plan de mise en oeuvre du SAHTU. |
| 500 | |aDigitized edition from print [produced by Indigenous and Northern Affairs Canada]. |
| 504 | |aIncludes bibliographic references. |
| 692 | 07|2gccst|aAboriginal lands |
| 692 | 07|2gccst|aLand claims |
| 710 | 1 |aCanada. |bIndigenous and Northern Affairs Canada. |
| 775 | 08|tExamen général quinquennal du plan de mise en oeuvre du SAHTU |w(CaOODSP)9.849714 |
| 856 | 40|qPDF|s1.54 MB|uhttps://publications.gc.ca/collections/collection_2018/aanc-inac/R32-209-2000-eng.pdf |
| 986 | |aQS-5350-000-BB-A1 |